000 00654nam a2200205Ia 4500
003 GCL
008 140319s9999 xx 000 0 ara d
040 _aGCL /
_cGCL
082 0 4 _a331.11
_bع م
100 1 _aعادل عازر
245 1 0 _aالمهمشون بين الفئات الدنيا فى القوى العاملة /
_cعادل عازر
700 1 _aثروت اسحق
260 _a[S.N] :
_bالمركز القومى للبحوث الاجتماعية والجنائي ،
_c1987
300 _a165 ص
490 _a
650 0 4 _aالاقتصاد
650 0 4 _aالاجتماع
650 0 4 _aالقوى العاملة
942 _2ddc
_cBK
999 _c30690
_d30690